The economics of abundance (Record no. 196218)
[ view plain ]
| 000 -LEADER | |
|---|---|
| fixed length control field | 01550nam a2200373 a 4500 |
| 082 04 - DEWEY DECIMAL CLASSIFICATION NUMBER | |
| Classification number | 338.5/21 |
| 100 1# - MAIN ENTRY--AUTHOR NAME | |
| Personal name | Hoeschele, Wolfgang. |
| 245 14 - TITLE STATEMENT | |
| Title | The economics of abundance |
| 260 ## - PUBLICATION, DISTRIBUTION, ETC. (IMPRINT) | |
| Place of publication | Farnham [Surrey, England] ; |
| -- | Burlington, Vt. : |
| Name of publisher | Gower, |
| Year of publication | c2010. |
| 300 ## - PHYSICAL DESCRIPTION | |
| Number of Pages | xiv, 244 p. |
| 490 1# - SERIES STATEMENT | |
| Series statement | Gower green economics and sustainable growth series |
| 505 0# - FORMATTED CONTENTS NOTE | |
| Formatted contents note | pt. 1. The production of scarcity -- pt. 2. Paths towards abundance. |
| 650 #0 - SUBJECT ADDED ENTRY--TOPICAL TERM | |
| Topical Term | Scarcity. |
| Topical Term | Supply and demand. |
| Topical Term | Environmental economics. |
| Topical Term | Sustainable development. |
| 856 40 - ELECTRONIC LOCATION AND ACCESS | |
| Uniform Resource Identifier | http://site.ebrary.com/lib/rucke/Doc?id=10392156 |
No items available.
